000 00580nam a22001817a 4500
005 20251108164208.0
008 250721s1994 xx 000 0 ara d
082 1 4 _a070.962/شري
100 1 _aاللبان، شريف درويش
245 1 0 _aأخبار اليوم :
_bمسيرة صحفية في نصف قرن دراسة أكاديمية /
264 1 _aالقاهرة :
_bالعربي للنشر و التوزيع،
_c1994.
300 _a200ص
650 1 7 _aالصحافة
650 1 7 _aتاريخ مصر
650 1 7 _aالأخبار
942 _2ddc
_cBK
999 _c6070
_d6070